| 000 | 03999nam a2200373 a 4500 | ||
|---|---|---|---|
| 003 | CHAP | ||
| 005 | 20250701103827.0 | ||
| 007 | ta | ||
| 008 | 220602s2024 mx o frd 001 0 spa d | ||
| 020 | _a978-607-625-106-5 | ||
| 040 |
_amxchpua _cCHAP _erda |
||
| 041 |
_aspa _bspa _fspa _hspa |
||
| 050 | 1 |
_aS584.4 _b.D53 2024 |
|
| 082 |
_220 _aC 668.60294 _bD53 2024 |
||
| 245 | 1 | 0 |
_aDiccionario de especialidades agroquímicas 2024 / _ccoordinadora Magdalena Herrera M. |
| 250 | _a34a edición | ||
| 264 |
_aMéxico : _bPLM, _c2024 |
||
| 300 |
_a1v. (en varias paginaciones) : _btablas, fotos |
||
| 336 |
_2rdacontent _atexto _btxt |
||
| 337 |
_2rdamedia _ano mediado _bn |
||
| 338 |
_2rda _avolumen _bnc |
||
| 505 | 0 | _aÍNDICES -- Índice general -- Índice de usos agrícolas -- Índice de ingedientes activos -- Índice de cultivos -- DICCIONARIO DE PRODUCTOS -- SECCIÓN SEMILLAS -- Diccionario de semillas -- Índice de cultivos de semillas | |
| 520 | 2 | _aPLM ha cumplido, una vez más, con su compromiso de recopilar, organizar y presentar la información más relevante y actual del mercado agrícola, la nutrición vegetal y las semillas dentro del inmenso campo de las ciencias agrícolas Este gran esfuerzo se ha consolidado, con enorme gusto, a través de la presente 34* edición del Diccionario de Especialidades Agroquímicas (DEAQ) 2024. los Desde sus orígenes, esta obra surgió con el propósito tanto de resolver las necesidades informativas inherentes al manejo y uso de los productos agroquímicos como de mantener actualizados a profesionales de la producción agrícola en México. Como en cada edición, esta obra contiene el Diccionario de Productos y el Diccionario de Semillas, en los cuales los profesionales de la agricultura, de alimentos a horticultura, la ingeniería forestal, agroindustrial y agroecología, dispondrán de la información más reciente de los productos y semillas disponibles en el mercado mexicano enfocados a la producción Quienes trabajamos en PLM lo hacemos con los más altos estándares de calidad para recuperar y estructurar toda esta información en un volumen con el fin de apoyar a los profesionales de la producción agrícola de México en sus tareas del día a día. Además de los contenidos ya mencionados, esta nueva edición del DEAQ cuenta con cuatro índices: General: Abarca los nombres comerciales de los diferentes productos agroquímicos participantes en esta edición. Usos agrícolas: Detalla el uso común de los químicos en la agricultura. Ingredientes activos: Aborda los nombres genéricos de los diferentes químicos agrícolas. Cultivos: Incluye los nombres de las diferentes variedades de cultivos agrícolas en los que se pueden Utilizar los productos descritos en esta edición. Asimismo, la segunda sección de este DEAQ está especializada en Semillas, y cuenta con la información clave y más confiable para su adquisición, manejo y uso. Nuestros equipos editorial y científico trabajan para contribuir positivamente en el desarrollo de la práctica profesional de quienes se remiten a PLM para consultar y solucionar sus dudas. Toda esta información se encuentra a su alcance, tanto aquí publicada como en nuestros canales digitales, ya sea a página http //wwwagroquimicos-organicosplm.com/ o bien en aplicación PLM Agroquímicos (disponible para Android e i0S). PLM agradece una vez más la confianza de los profesionales de la industria agrícola con esta edición del Diccionario de Especialidades Agroquímicas (DEAQ). | |
| 650 | 1 | 3 |
_aPlaguicidas _2atg _xDiccionarios _987535 |
| 650 | 1 | 3 |
_aFertilizantes _xDiccionarios _2atg _940470 |
| 650 | 1 | 3 |
_aAgroquímicos _vDiccionarios _2atg _9190738 |
| 650 | 1 | 3 |
_aPesticides _vDictionaries _2atg _9162989 |
| 650 | 1 | 3 |
_aFertilizers _vDictionaries _9151083 |
| 650 | 1 | 3 |
_aAgrochemicals _vDictionaries _2atg _9190739 |
| 700 | 1 |
_a Herrera M., Magdalena _9144886 _ecoordinadora |
|
| 901 | _aC 668.60294 D53 2024 | ||
| 902 | _aM | ||
| 942 |
_cLIBRO _2ddc |
||
| 999 |
_c217208 _d217208 |
||